| 000 | 00468nam a2200181Ia 4500 | ||
|---|---|---|---|
| 001 | 14117 | ||
| 005 | 20260306164850.0 | ||
| 008 | 260306t2011||||xx |||||||||||||| ||spa|| | ||
| 041 | _aESP | ||
| 082 |
_a006.78 _bC24 |
||
| 100 |
_aCampesato, Oswald _eAUT |
||
| 245 | 0 | _aWeb 2.0 fundamentals with Ajax, development tools, and mobile platforms | |
| 260 | _c2011 | ||
| 300 |
_axxxix, 751 páginas : _c |
||
| 650 | _aGEN | ||
| 654 | _aCCC | ||
| 942 |
_cLIB _dJUS _fJUS _2ddc _n |
||
| 999 |
_c14117 _d14117 |
||